[Event "Baku Chess Olympiad | Open"]
[Site "chess24.com"]
[Date "2016.09.12"]
[Round "10"]
[White "Nikolov, Momchil"]
[Black "Hernandez Guerrero, Gilberto"]
[Result "1/2-1/2"]
[Board "1"]
[WhiteID "2905710"]
[WhiteElo "2585"]
[WhiteTitle "GM"]
[WhiteCountry "BUL"]
[WhiteFideId "2905710"]
[WhiteEloChange "-1"]
[BlackID "5100011"]
[BlackElo "2506"]
[BlackTitle "GM"]
[BlackCountry "MEX"]
[BlackFideId "5100011"]
[BlackEloChange "1"]

1. d4 {[%clk 1:30:56]} d6 {[%clk 1:30:48]} 2. e4 {[%clk 1:31:09]} Nf6 {[%clk
1:31:08]} 3. Nc3 {[%clk 1:29:17]} Nbd7 {[%clk 1:30:43]} 4. Nf3 {[%clk 1:29:25]}
e5 {[%clk 1:31:04]} 5. Bc4 {[%clk 1:29:10]} Be7 {[%clk 1:31:25]} 6. a4 {[%clk
1:29:03]} O-O {[%clk 1:31:20]} 7. O-O {[%clk 1:29:19]} c6 {[%clk 1:30:10]} 8. Re1
{[%clk 1:29:25]} a5 {[%clk 1:29:24]} 9. h3 {[%clk 1:25:37]} exd4 {[%clk 1:28:28]}
10. Nxd4 {[%clk 1:24:51]} Ne5 {[%clk 1:19:41]} 11. Bf1 {[%clk 1:21:28]} Re8
{[%clk 1:19:46]} 12. f4 {[%clk 1:06:39]} Ng6 {[%clk 1:04:20]} 13. g3 {[%clk
1:03:39]} d5 {[%clk 0:58:48]} 14. e5 {[%clk 0:53:58]} Nd7 {[%clk 0:58:48]} 15.
Kh2 {[%clk 0:51:51]} Bb4 {[%clk 0:57:22]} 16. Be3 {[%clk 0:47:55]} Nc5 {[%clk
0:55:30]} 17. Bf2 {[%clk 0:36:54]} Bxc3 {[%clk 0:37:51]} 18. bxc3 {[%clk
0:37:01]} Ne4 {[%clk 0:38:14]} 19. Qf3 {[%clk 0:22:15]} Nd2 {[%clk 0:37:01]} 20.
Qh5 {[%clk 0:19:44]} Ne4 {[%clk 0:31:20]} 21. Qf3 {[%clk 0:15:21]} Nd2 {[%clk
0:31:25]} 22. Qh5 {[%clk 0:15:44]} Ne4 {[%clk 0:31:42]} 1/2-1/2

[Event "Baku Chess Olympiad | Open"]
[Site "chess24.com"]
[Date "2016.09.12"]
[Round "10"]
[White "Cofre Archibold, Nestor"]
[Black "Iotov, Valentin"]
[Result "0-1"]
[Board "2"]
[WhiteID "5122279"]
[WhiteElo "2255"]
[WhiteTitle "FM"]
[WhiteCountry "MEX"]
[WhiteFideId "5122279"]
[WhiteEloChange "-4"]
[BlackID "2906074"]
[BlackElo "2518"]
[BlackTitle "GM"]
[BlackCountry "BUL"]
[BlackFideId "2906074"]
[BlackEloChange "2"]

1. Nf3 {[%clk 1:30:58]} Nf6 {[%clk 1:28:58]} 2. g3 {[%clk 1:31:12]} b5 {[%clk
1:23:36]} 3. Bg2 {[%clk 1:31:38]} Bb7 {[%clk 1:23:48]} 4. b3 {[%clk 1:31:19]} e6
{[%clk 1:20:28]} 5. Bb2 {[%clk 1:31:44]} c5 {[%clk 1:20:19]} 6. O-O {[%clk
1:31:36]} Be7 {[%clk 1:16:45]} 7. d3 {[%clk 1:29:27]} O-O {[%clk 1:14:37]} 8.
Nbd2 {[%clk 1:28:02]} Nc6 {[%clk 1:08:46]} 9. e4 {[%clk 1:28:01]} d6 {[%clk
1:04:22]} 10. Re1 {[%clk 1:23:37]} Nd7 {[%clk 1:04:21]} 11. d4 {[%clk 1:20:37]}
cxd4 {[%clk 1:01:27]} 12. Nxd4 {[%clk 1:19:38]} Nxd4 {[%clk 1:00:10]} 13. Bxd4
{[%clk 1:20:00]} e5 {[%clk 0:56:09]} 14. Bb2 {[%clk 1:15:00]} Nc5 {[%clk
0:56:13]} 15. Qe2 {[%clk 1:12:53]} Qb6 {[%clk 0:54:38]} 16. c4 {[%clk 1:11:04]}
b4 {[%clk 0:49:56]} 17. Nf1 {[%clk 0:59:19]} Rfe8 {[%clk 0:50:01]} 18. h4 {[%clk
0:48:55]} a5 {[%clk 0:49:45]} 19. Qc2 {[%clk 0:48:27]} a4 {[%clk 0:45:26]} 20.
Ne3 {[%clk 0:47:24]} axb3 {[%clk 0:45:28]} 21. axb3 {[%clk 0:47:46]} Rxa1 {[%clk
0:45:47]} 22. Rxa1 {[%clk 0:46:00]} Ra8 {[%clk 0:46:15]} 23. Rxa8+ {[%clk
0:39:15]} Bxa8 {[%clk 0:46:41]} 24. Nd5 {[%clk 0:35:42]} Bxd5 {[%clk 0:45:40]}
25. exd5 {[%clk 0:35:12]} Qa7 {[%clk 0:42:40]} 26. Bf3 {[%clk 0:29:43]} Bd8
{[%clk 0:33:37]} 27. Kg2 {[%clk 0:22:39]} g6 {[%clk 0:27:43]} 28. h5 {[%clk
0:20:10]} Qa2 {[%clk 0:21:41]} 29. hxg6 {[%clk 0:18:11]} hxg6 {[%clk 0:21:55]}
30. Bd1 {[%clk 0:16:14]} Bg5 {[%clk 0:20:51]} 31. Qe2 {[%clk 0:04:32]} Qb1 {[%clk
0:09:44]} 32. Qc2 {[%clk 0:04:11]} Qxc2 {[%clk 0:08:34]} 33. Bxc2 {[%clk
0:04:35]} f5 {[%clk 0:07:42]} 34. g4 {[%clk 0:04:04]} Kg7 {[%clk 0:06:43]} 35.
gxf5 {[%clk 0:03:55]} gxf5 {[%clk 0:07:11]} 36. f3 {[%clk 0:03:03]} Kf6 {[%clk
0:06:26]} 37. Kf2 {[%clk 0:02:56]} Bf4 {[%clk 0:06:43]} 38. Ke2 {[%clk 0:02:08]}
Kg5 {[%clk 0:06:34]} 39. Kf2 {[%clk 0:01:27]} Bd2 {[%clk 0:02:46]} 40. Ke2 {[%clk
0:31:30]} Bf4 {[%clk 0:32:37]} 41. Kf2 {[%clk 0:28:05]} Kh4 {[%clk 0:28:07]} 42.
Ba1 {[%clk 0:21:53]} Bc1 {[%clk 0:27:19]} 43. Kg2 {[%clk 0:02:41]} Kg5 {[%clk
0:19:27]} 44. Kg3 {[%clk 0:03:09]} Bd2 {[%clk 0:18:07]} 45. Bb2 {[%clk 0:03:14]}
Be3 {[%clk 0:18:10]} 46. Kh3 {[%clk 0:02:23]} Kf4 {[%clk 0:12:49]} 47. Kg2 {[%clk
0:02:43]} Nd7 {[%clk 0:11:17]} 48. Bd3 {[%clk 0:02:46]} Nf8 {[%clk 0:11:13]} 49.
Be2 {[%clk 0:00:41]} Ng6 {[%clk 0:06:21]} 50. Kh3 {[%clk 0:01:03]} Kg5 {[%clk
0:05:58]} 51. Bf1 {[%clk 0:01:03]} Nf4+ {[%clk 0:06:16]} 52. Kh2 {[%clk 0:01:26]}
Kh4 {[%clk 0:06:13]} 53. Bg2 {[%clk 0:00:39]} Nd3 {[%clk 0:06:16]} 54. Ba1 {[%clk
0:00:35]} Bf4+ {[%clk 0:06:13]} 55. Kg1 {[%clk 0:00:43]} Kg3 {[%clk 0:06:40]} 56.
Bf1 {[%clk 0:00:34]} Be3+ {[%clk 0:06:18]} 57. Kh1 {[%clk 0:01:00]} Nc5 {[%clk
0:06:31]} 58. Bb2 {[%clk 0:00:43]} Kxf3 {[%clk 0:06:24]} 59. Bh3 {[%clk 0:00:36]}
Kf4 {[%clk 0:06:25]} 0-1

[Event "Baku Chess Olympiad | Open"]
[Site "chess24.com"]
[Date "2016.09.12"]
[Round "10"]
[White "Rusev, Krasimir"]
[Black "Garcia Guerrero, Isaac Antonio"]
[Result "1-0"]
[Board "3"]
[WhiteID "2905434"]
[WhiteElo "2548"]
[WhiteTitle "GM"]
[WhiteCountry "BUL"]
[WhiteFideId "2905434"]
[WhiteEloChange "2"]
[BlackID "5110475"]
[BlackElo "2308"]
[BlackTitle "FM"]
[BlackCountry "MEX"]
[BlackFideId "5110475"]
[BlackEloChange "-4"]

1. d4 {[%clk 1:30:56]} Nf6 {[%clk 1:30:50]} 2. c4 {[%clk 1:31:10]} e6 {[%clk
1:31:04]} 3. Nc3 {[%clk 1:31:32]} d5 {[%clk 1:31:22]} 4. cxd5 {[%clk 1:31:37]}
exd5 {[%clk 1:31:42]} 5. Bg5 {[%clk 1:31:59]} Bb4 {[%clk 1:31:51]} 6. e3 {[%clk
1:32:11]} h6 {[%clk 1:31:58]} 7. Bh4 {[%clk 1:31:35]} g5 {[%clk 1:32:06]} 8. Bg3
{[%clk 1:32:04]} Ne4 {[%clk 1:32:20]} 9. Qb3 {[%clk 1:10:06]} c5 {[%clk 1:27:11]}
10. Bb5+ {[%clk 0:54:17]} Nc6 {[%clk 1:24:40]} 11. Ne2 {[%clk 0:54:18]} Be6
{[%clk 1:18:27]} 12. dxc5 {[%clk 0:54:18]} Qa5 {[%clk 1:07:07]} 13. Qa4 {[%clk
0:37:47]} Nxc3 {[%clk 0:49:08]} 14. Bxc6+ {[%clk 0:34:01]} bxc6 {[%clk 0:49:01]}
15. Qxa5 {[%clk 0:32:39]} Nxa2+ {[%clk 0:47:20]} 16. Qxb4 {[%clk 0:32:59]} Nxb4
{[%clk 0:47:42]} 17. Kd2 {[%clk 0:33:27]} Bf5 {[%clk 0:36:55]} 18. Nd4 {[%clk
0:32:12]} Bh7 {[%clk 0:34:54]} 19. Ra3 {[%clk 0:32:12]} O-O {[%clk 0:30:40]} 20.
Rha1 {[%clk 0:30:10]} Rfc8 {[%clk 0:19:06]} 21. f3 {[%clk 0:27:45]} a6 {[%clk
0:15:45]} 22. Bd6 {[%clk 0:28:12]} h5 {[%clk 0:06:07]} 23. Kc3 {[%clk 0:28:21]}
a5 {[%clk 0:04:10]} 24. Rxa5 {[%clk 0:28:44]} Rxa5 {[%clk 0:04:14]} 25. Rxa5
{[%clk 0:29:11]} Nd3 {[%clk 0:04:24]} 26. Ra7 {[%clk 0:28:36]} Re8 {[%clk
0:03:31]} 27. Re7 {[%clk 0:28:54]} Rc8 {[%clk 0:03:15]} 28. Rb7 {[%clk 0:28:08]}
Ne1 {[%clk 0:02:59]} 29. g4 {[%clk 0:26:16]} hxg4 {[%clk 0:02:31]} 30. fxg4
{[%clk 0:26:44]} Ng2 {[%clk 0:02:41]} 31. Kd2 {[%clk 0:26:31]} Ra8 {[%clk
0:00:32]} 32. Nxc6 {[%clk 0:26:18]} Ra1 {[%clk 0:00:46]} 33. Nd4 {[%clk 0:26:25]}
Re1 {[%clk 0:00:50]} 34. c6 {[%clk 0:25:31]} Rxe3 {[%clk 0:00:51]} 35. c7 {[%clk
0:25:58]} Rd3+ {[%clk 0:00:52]} 36. Ke2 {[%clk 0:26:25]} 1-0

[Event "Baku Chess Olympiad | Open"]
[Site "chess24.com"]
[Date "2016.09.12"]
[Round "10"]
[White "Flores Guerrero, Jesus Ald"]
[Black "Petrov, Martin"]
[Result "1-0"]
[Board "4"]
[WhiteID "5124247"]
[WhiteElo "2345"]
[WhiteTitle "IM"]
[WhiteCountry "MEX"]
[WhiteFideId "5124247"]
[WhiteEloChange "13"]
[BlackID "2911086"]
[BlackElo "2458"]
[BlackTitle "IM"]
[BlackCountry "BUL"]
[BlackFideId "2911086"]
[BlackEloChange "-7"]

1. f4 {[%clk 1:30:32]} d5 {[%clk 1:30:57]} 2. e3 {[%clk 1:30:40]} Nf6 {[%clk
1:31:21]} 3. Nf3 {[%clk 1:30:37]} g6 {[%clk 1:31:48]} 4. d4 {[%clk 1:30:52]} Bg7
{[%clk 1:31:44]} 5. Bd3 {[%clk 1:31:11]} c5 {[%clk 1:30:08]} 6. c3 {[%clk
1:31:32]} Bf5 {[%clk 1:21:12]} 7. O-O {[%clk 1:29:05]} Nbd7 {[%clk 1:18:05]} 8.
Ne5 {[%clk 1:27:20]} Bxd3 {[%clk 1:03:04]} 9. Nxd3 {[%clk 1:24:34]} O-O {[%clk
1:01:44]} 10. Nd2 {[%clk 1:23:28]} Qb6 {[%clk 1:01:01]} 11. Nf2 {[%clk 1:23:24]}
Rac8 {[%clk 0:59:17]} 12. Qf3 {[%clk 1:21:26]} e6 {[%clk 0:57:33]} 13. g4 {[%clk
1:21:22]} Ne8 {[%clk 0:51:49]} 14. h4 {[%clk 1:00:19]} Nd6 {[%clk 0:51:47]} 15.
Qg2 {[%clk 0:56:26]} Nf6 {[%clk 0:45:29]} 16. g5 {[%clk 0:50:33]} Nh5 {[%clk
0:45:37]} 17. Nf3 {[%clk 0:49:44]} Nf5 {[%clk 0:41:30]} 18. Re1 {[%clk 0:47:34]}
Qd6 {[%clk 0:28:56]} 19. e4 {[%clk 0:38:27]} Ne7 {[%clk 0:22:42]} 20. e5 {[%clk
0:38:13]} Qa6 {[%clk 0:21:28]} 21. dxc5 {[%clk 0:37:58]} Rxc5 {[%clk 0:20:13]}
22. Nd4 {[%clk 0:37:27]} Nc6 {[%clk 0:20:03]} 23. Ne2 {[%clk 0:19:53]} Ra5 {[%clk
0:16:23]} 24. a3 {[%clk 0:20:11]} Qc4 {[%clk 0:16:23]} 25. Be3 {[%clk 0:17:41]}
Ra6 {[%clk 0:12:29]} 26. Qh2 {[%clk 0:14:42]} Na5 {[%clk 0:10:13]} 27. Rad1
{[%clk 0:13:43]} Nb3 {[%clk 0:10:28]} 28. Qg2 {[%clk 0:12:30]} Ra4 {[%clk
0:10:07]} 29. Ng4 {[%clk 0:11:17]} Qe4 {[%clk 0:09:28]} 30. Qxe4 {[%clk 0:11:33]}
Rxe4 {[%clk 0:09:53]} 31. Kf2 {[%clk 0:10:25]} Rc8 {[%clk 0:09:46]} 32. Kf3
{[%clk 0:10:16]} a5 {[%clk 0:09:39]} 33. Nd4 {[%clk 0:10:10]} Nxd4+ {[%clk
0:07:14]} 34. cxd4 {[%clk 0:10:29]} Rc2 {[%clk 0:06:53]} 35. Rb1 {[%clk 0:10:29]}
Bf8 {[%clk 0:05:19]} 36. Rec1 {[%clk 0:10:28]} Rxe3+ {[%clk 0:03:49]} 37. Kxe3
{[%clk 0:06:02]} Rg2 {[%clk 0:04:14]} 38. Rg1 {[%clk 0:05:57]} Rc2 {[%clk
0:04:40]} 39. Kd3 {[%clk 0:05:42]} Rc6 {[%clk 0:04:20]} 40. Nf6+ {[%clk 0:35:54]}
Kg7 {[%clk 0:34:31]} 41. Rbf1 {[%clk 0:26:02]} Rb6 {[%clk 0:32:41]} 42. Nxh5+
{[%clk 0:24:59]} gxh5 {[%clk 0:33:07]} 43. Rf2 {[%clk 0:22:31]} Kg6 {[%clk
0:19:41]} 44. f5+ {[%clk 0:22:31]} exf5 {[%clk 0:20:04]} 45. Rgf1 {[%clk
0:23:13]} Bg7 {[%clk 0:17:52]} 46. Rxf5 {[%clk 0:22:17]} Rb3+ {[%clk 0:14:26]}
47. Kc2 {[%clk 0:22:28]} Rh3 {[%clk 0:14:50]} 48. Rxf7 {[%clk 0:22:23]} Rxh4
{[%clk 0:15:17]} 49. Kd3 {[%clk 0:18:23]} Rg4 {[%clk 0:08:47]} 50. Rxb7 {[%clk
0:15:28]} Rxg5 {[%clk 0:09:03]} 51. Rb6+ {[%clk 0:15:42]} 1-0

[Event "Baku Chess Olympiad | Open"]
[Site "chess24.com"]
[Date "2016.09.12"]
[Round "10"]
[White "Arab, Adlane"]
[Black "Adianto, Utut"]
[Result "0-1"]
[Board "1"]
[WhiteID "7900872"]
[WhiteElo "2493"]
[WhiteTitle "IM"]
[WhiteCountry "ALG"]
[WhiteFideId "7900872"]
[WhiteEloChange "-4"]
[BlackID "7100019"]
[BlackElo "2556"]
[BlackTitle "GM"]
[BlackCountry "INA"]
[BlackFideId "7100019"]
[BlackEloChange "4"]

1. d4 {[%clk 1:30:56]} Nf6 {[%clk 1:30:37]} 2. c4 {[%clk 1:31:15]} e6 {[%clk
1:30:26]} 3. Nf3 {[%clk 1:31:14]} b6 {[%clk 1:30:26]} 4. g3 {[%clk 1:31:08]} Ba6
{[%clk 1:30:11]} 5. b3 {[%clk 1:30:45]} Bb4+ {[%clk 1:30:33]} 6. Bd2 {[%clk
1:31:11]} Be7 {[%clk 1:30:56]} 7. Bg2 {[%clk 1:31:21]} c6 {[%clk 1:27:24]} 8. Bc3
{[%clk 1:30:51]} d5 {[%clk 1:27:10]} 9. Ne5 {[%clk 1:30:18]} Nfd7 {[%clk
1:26:49]} 10. Nxd7 {[%clk 1:29:58]} Nxd7 {[%clk 1:27:12]} 11. Nd2 {[%clk
1:30:16]} O-O {[%clk 1:27:19]} 12. O-O {[%clk 1:28:48]} Rc8 {[%clk 1:22:08]} 13.
Re1 {[%clk 1:26:00]} c5 {[%clk 1:15:31]} 14. dxc5 {[%clk 1:22:08]} Nxc5 {[%clk
1:14:01]} 15. cxd5 {[%clk 1:17:11]} Nd3 {[%clk 1:09:41]} 16. Bxg7 {[%clk
1:06:44]} Nxf2 {[%clk 1:09:27]} 17. Kxf2 {[%clk 1:07:10]} Kxg7 {[%clk 1:09:39]}
18. e3 {[%clk 0:58:54]} exd5 {[%clk 1:08:19]} 19. Qg4+ {[%clk 0:58:16]} Kh8
{[%clk 1:08:37]} 20. Rac1 {[%clk 0:57:10]} d4 {[%clk 1:02:41]} 21. Nc4 {[%clk
0:39:38]} dxe3+ {[%clk 1:02:28]} 22. Kg1 {[%clk 0:40:03]} f5 {[%clk 0:58:46]} 23.
Qf4 {[%clk 0:37:04]} Bg5 {[%clk 0:51:40]} 24. Qf3 {[%clk 0:35:47]} f4 {[%clk
0:48:50]} 25. Rcd1 {[%clk 0:35:25]} Qe7 {[%clk 0:46:38]} 26. Qg4 {[%clk 0:28:28]}
Rc5 {[%clk 0:46:38]} 27. gxf4 {[%clk 0:25:38]} Bc8 {[%clk 0:35:51]} 28. f5 {[%clk
0:26:00]} Rcxf5 {[%clk 0:23:13]} 29. Qd4+ {[%clk 0:25:50]} Bf6 {[%clk 0:21:55]}
30. Qxe3 {[%clk 0:23:05]} Qg7 {[%clk 0:21:46]} 31. Kh1 {[%clk 0:20:16]} Bb7
{[%clk 0:17:07]} 32. Rg1 {[%clk 0:13:59]} Rg5 {[%clk 0:11:27]} 33. Be4 {[%clk
0:10:24]} Re8 {[%clk 0:10:27]} 34. Nd6 {[%clk 0:10:24]} Rxe4 {[%clk 0:10:33]} 35.
Nxe4 {[%clk 0:10:50]} Qg6 {[%clk 0:10:51]} 36. Rge1 {[%clk 0:09:21]} Bxe4+ {[%clk
0:10:45]} 37. Qxe4 {[%clk 0:09:31]} Rg1+ {[%clk 0:11:09]} 38. Rxg1 {[%clk
0:09:57]} Qxe4+ {[%clk 0:11:30]} 39. Rg2 {[%clk 0:10:25]} h5 {[%clk 0:11:40]} 40.
Rf1 {[%clk 0:40:25]} Be7 {[%clk 0:41:34]} 41. h3 {[%clk 0:34:21]} Qd3 {[%clk
0:41:29]} 42. Rf7 {[%clk 0:34:42]} Qd1+ {[%clk 0:41:49]} 0-1

[Event "Baku Chess Olympiad | Open"]
[Site "chess24.com"]
[Date "2016.09.12"]
[Round "10"]
[White "Ali, Muhammad Lutfi"]
[Black "Belouadah, Saad"]
[Result "0-1"]
[Board "2"]
[WhiteID "7103743"]
[WhiteElo "2411"]
[WhiteTitle "IM"]
[WhiteCountry "INA"]
[WhiteFideId "7103743"]
[WhiteEloChange "-6"]
[BlackID "7900856"]
[BlackElo "2340"]
[BlackTitle "IM"]
[BlackCountry "ALG"]
[BlackFideId "7900856"]
[BlackEloChange "12"]

1. e4 {[%clk 1:30:56]} e5 {[%clk 1:29:11]} 2. Nf3 {[%clk 1:30:25]} d6 {[%clk
1:29:32]} 3. d4 {[%clk 1:30:31]} Qe7 {[%clk 1:25:56]} 4. Bd3 {[%clk 1:19:17]} Nf6
{[%clk 1:18:40]} 5. O-O {[%clk 1:18:09]} Bg4 {[%clk 1:11:49]} 6. c3 {[%clk
1:12:43]} c6 {[%clk 1:11:16]} 7. Nbd2 {[%clk 1:11:14]} Qc7 {[%clk 1:11:24]} 8.
Re1 {[%clk 1:08:55]} h6 {[%clk 1:09:21]} 9. a4 {[%clk 1:03:24]} a5 {[%clk
1:02:49]} 10. Nf1 {[%clk 0:47:01]} Nbd7 {[%clk 0:56:58]} 11. b3 {[%clk 0:45:47]}
g6 {[%clk 0:53:19]} 12. Bc2 {[%clk 0:30:11]} Bg7 {[%clk 0:50:18]} 13. Ne3 {[%clk
0:27:00]} Bxf3 {[%clk 0:50:07]} 14. Qxf3 {[%clk 0:27:21]} O-O {[%clk 0:49:48]}
15. Ba3 {[%clk 0:27:02]} b5 {[%clk 0:32:06]} 16. Qe2 {[%clk 0:20:44]} b4 {[%clk
0:26:49]} 17. dxe5 {[%clk 0:20:13]} bxa3 {[%clk 0:26:10]} 18. exf6 {[%clk
0:20:38]} Bxf6 {[%clk 0:25:42]} 19. Qd2 {[%clk 0:20:49]} h5 {[%clk 0:22:05]} 20.
Rxa3 {[%clk 0:20:28]} Nb6 {[%clk 0:18:57]} 21. f4 {[%clk 0:18:11]} d5 {[%clk
0:15:44]} 22. e5 {[%clk 0:18:08]} Be7 {[%clk 0:16:07]} 23. Raa1 {[%clk 0:17:31]}
Rad8 {[%clk 0:16:00]} 24. Qf2 {[%clk 0:17:40]} Bc5 {[%clk 0:15:04]} 25. Kh1
{[%clk 0:16:12]} d4 {[%clk 0:14:50]} 26. cxd4 {[%clk 0:16:19]} Bxd4 {[%clk
0:13:45]} 27. Rad1 {[%clk 0:16:13]} Bc3 {[%clk 0:06:35]} 28. Rf1 {[%clk 0:15:42]}
Rxd1 {[%clk 0:06:41]} 29. Nxd1 {[%clk 0:15:36]} Ba1 {[%clk 0:03:52]} 30. Qg3
{[%clk 0:15:54]} Nd5 {[%clk 0:03:25]} 31. Nf2 {[%clk 0:10:35]} Bd4 {[%clk
0:03:25]} 32. Ne4 {[%clk 0:10:59]} Qe7 {[%clk 0:02:51]} 33. Bd3 {[%clk 0:10:43]}
h4 {[%clk 0:02:52]} 34. Qf3 {[%clk 0:07:32]} Kg7 {[%clk 0:02:47]} 35. Bb1 {[%clk
0:02:52]} Ne3 {[%clk 0:01:48]} 36. Re1 {[%clk 0:02:53]} Qa3 {[%clk 0:01:29]} 37.
Ng5 {[%clk 0:00:43]} Qb2 {[%clk 0:00:40]} 38. f5 {[%clk 0:00:54]} Qd2 {[%clk
0:00:42]} 39. Rg1 {[%clk 0:00:33]} Nxf5 {[%clk 0:00:59]} 40. Ne4 {[%clk 0:30:38]}
Qe3 {[%clk 0:30:45]} 41. Qxe3 {[%clk 0:28:25]} Bxe3 {[%clk 0:29:27]} 42. Re1
{[%clk 0:26:02]} Rd8 {[%clk 0:17:27]} 43. g4 {[%clk 0:21:16]} hxg3 {[%clk
0:15:29]} 44. hxg3 {[%clk 0:21:41]} Bd4 {[%clk 0:12:30]} 45. e6 {[%clk 0:14:27]}
Ne3 {[%clk 0:08:18]} 46. Rc1 {[%clk 0:07:43]} Rh8+ {[%clk 0:07:31]} 47. Kg1
{[%clk 0:08:08]} Ng4+ {[%clk 0:07:56]} 48. Kg2 {[%clk 0:08:35]} Rh2+ {[%clk
0:08:15]} 49. Kf3 {[%clk 0:09:01]} f5 {[%clk 0:07:56]} 50. e7 {[%clk 0:06:56]}
Kf7 {[%clk 0:06:35]} 51. Nd6+ {[%clk 0:04:36]} Kxe7 {[%clk 0:07:00]} 52. Nxf5+
{[%clk 0:03:35]} gxf5 {[%clk 0:07:25]} 53. Bxf5 {[%clk 0:04:00]} Nf6 {[%clk
0:06:19]} 54. g4 {[%clk 0:04:18]} c5 {[%clk 0:05:54]} 55. Re1+ {[%clk 0:04:35]}
Kf8 {[%clk 0:06:12]} 56. Be6 {[%clk 0:03:41]} Rf2+ {[%clk 0:06:21]} 57. Kg3
{[%clk 0:04:06]} Rb2 {[%clk 0:06:19]} 58. Kf4 {[%clk 0:04:22]} Kg7 {[%clk
0:05:37]} 59. Bc4 {[%clk 0:02:43]} Rf2+ {[%clk 0:05:23]} 60. Kg3 {[%clk 0:02:36]}
Nh7 {[%clk 0:02:56]} 61. Re7+ {[%clk 0:02:15]} Kh6 {[%clk 0:03:20]} 62. Rd7
{[%clk 0:02:24]} Rf6 {[%clk 0:03:37]} 63. Bd3 {[%clk 0:02:05]} Be5+ {[%clk
0:03:27]} 64. Kg2 {[%clk 0:01:44]} Ng5 {[%clk 0:03:35]} 65. Re7 {[%clk 0:01:14]}
Re6 {[%clk 0:03:26]} 66. Rb7 {[%clk 0:01:29]} Rd6 {[%clk 0:03:49]} 67. Bf5 {[%clk
0:00:53]} Rd2+ {[%clk 0:04:11]} 68. Kf1 {[%clk 0:01:19]} Nf3 {[%clk 0:04:24]} 69.
Be4 {[%clk 0:00:45]} Nh2+ {[%clk 0:03:41]} 70. Ke1 {[%clk 0:01:14]} Bc3 {[%clk
0:04:05]} 71. Rh7+ {[%clk 0:01:41]} Kg5 {[%clk 0:04:33]} 72. Rh5+ {[%clk
0:02:04]} Kf4 {[%clk 0:04:19]} 73. Ba8 {[%clk 0:00:50]} Bb4 {[%clk 0:00:54]} 74.
Rf5+ {[%clk 0:00:40]} Kxg4 {[%clk 0:00:52]} 75. Rf2 {[%clk 0:00:49]} Rb2+ {[%clk
0:01:05]} 0-1

[Event "Baku Chess Olympiad | Open"]
[Site "chess24.com"]
[Date "2016.09.12"]
[Round "10"]
[White "Bengherabi, Khalil"]
[Black "Taher, Yoseph Theolifus"]
[Result "1/2-1/2"]
[Board "3"]
[WhiteID "7900325"]
[WhiteElo "2241"]
[WhiteTitle "FM"]
[WhiteCountry "ALG"]
[WhiteFideId "7900325"]
[WhiteEloChange "2"]
[BlackID "7105347"]
[BlackElo "2321"]
[BlackCountry "INA"]
[BlackFideId "7105347"]
[BlackEloChange "-2"]

1. e4 {[%clk 1:30:44]} c5 {[%clk 1:30:01]} 2. Nf3 {[%clk 1:31:08]} g6 {[%clk
1:30:01]} 3. d4 {[%clk 1:31:07]} cxd4 {[%clk 1:30:25]} 4. Nxd4 {[%clk 1:30:47]}
Nc6 {[%clk 1:30:16]} 5. c4 {[%clk 1:28:17]} Bg7 {[%clk 1:30:24]} 6. Be3 {[%clk
1:28:42]} Nf6 {[%clk 1:30:09]} 7. Nc3 {[%clk 1:29:08]} Nxd4 {[%clk 1:30:31]} 8.
Bxd4 {[%clk 1:29:27]} d6 {[%clk 1:30:14]} 9. Be2 {[%clk 1:29:52]} O-O {[%clk
1:30:10]} 10. O-O {[%clk 1:30:18]} Be6 {[%clk 1:29:55]} 11. Qd2 {[%clk 1:26:57]}
a5 {[%clk 1:25:00]} 12. b3 {[%clk 1:27:14]} Nd7 {[%clk 1:24:43]} 13. Rac1 {[%clk
1:19:19]} Bxd4 {[%clk 1:24:26]} 14. Qxd4 {[%clk 1:19:43]} Qb6 {[%clk 1:24:47]}
15. Qxb6 {[%clk 1:15:10]} Nxb6 {[%clk 1:25:13]} 16. Nd5 {[%clk 1:14:56]} Bxd5
{[%clk 1:25:37]} 17. cxd5 {[%clk 1:15:02]} Rac8 {[%clk 1:24:24]} 18. Bg4 {[%clk
0:45:38]} Rxc1 {[%clk 1:24:37]} 19. Rxc1 {[%clk 0:45:56]} f5 {[%clk 1:24:30]} 20.
Bh3 {[%clk 0:44:03]} Kf7 {[%clk 1:19:54]} 21. Rc7 {[%clk 0:34:10]} Rb8 {[%clk
1:20:20]} 22. f3 {[%clk 0:33:48]} Ke8 {[%clk 1:09:34]} 23. Kf2 {[%clk 0:29:48]}
Kd8 {[%clk 1:07:11]} 24. Rc2 {[%clk 0:30:08]} fxe4 {[%clk 0:47:28]} 25. fxe4
{[%clk 0:30:32]} Nd7 {[%clk 0:47:49]} 26. Bxd7 {[%clk 0:26:42]} Kxd7 {[%clk
0:48:16]} 27. Ke3 {[%clk 0:27:07]} Rf8 {[%clk 0:48:13]} 28. Ke2 {[%clk 0:19:30]}
Rf4 {[%clk 0:47:57]} 29. Rc4 {[%clk 0:19:34]} b5 {[%clk 0:42:37]} 30. Rd4 {[%clk
0:14:02]} Rf8 {[%clk 0:42:57]} 31. Rd3 {[%clk 0:13:51]} Rf4 {[%clk 0:40:29]} 32.
Re3 {[%clk 0:12:55]} Rh4 {[%clk 0:38:15]} 33. h3 {[%clk 0:12:45]} Rf4 {[%clk
0:38:41]} 34. g3 {[%clk 0:12:28]} Rf8 {[%clk 0:39:07]} 35. Rc3 {[%clk 0:12:10]}
h5 {[%clk 0:34:14]} 36. h4 {[%clk 0:12:01]} Rg8 {[%clk 0:33:24]} 37. Rc6 {[%clk
0:11:51]} g5 {[%clk 0:29:53]} 38. Ra6 {[%clk 0:06:54]} gxh4 {[%clk 0:23:05]} 39.
Ra7+ {[%clk 0:07:10]} Ke8 {[%clk 0:23:32]} 40. Ra8+ {[%clk 0:37:36]} Kf7 {[%clk
0:54:01]} 41. Rxg8 {[%clk 0:37:59]} Kxg8 {[%clk 0:54:25]} 42. gxh4 {[%clk
0:38:26]} Kg7 {[%clk 0:54:44]} 43. a4 {[%clk 0:26:47]} bxa4 {[%clk 0:49:12]} 44.
bxa4 {[%clk 0:24:58]} Kf6 {[%clk 0:44:36]} 45. Kd3 {[%clk 0:25:09]} Ke5 {[%clk
0:44:35]} 46. Ke3 {[%clk 0:25:28]} e6 {[%clk 0:44:29]} 47. dxe6 {[%clk 0:25:52]}
Kxe6 {[%clk 0:44:58]} 48. Kd4 {[%clk 0:26:16]} Kd7 {[%clk 0:45:02]} 49. Kd5
{[%clk 0:26:35]} Kc7 {[%clk 0:45:23]} 50. e5 {[%clk 0:26:50]} dxe5 {[%clk
0:45:26]} 51. Kxe5 {[%clk 0:27:15]} Kc6 {[%clk 0:45:26]} 52. Kf5 {[%clk 0:27:23]}
Kd5 {[%clk 0:45:43]} 53. Kg5 {[%clk 0:27:48]} Ke5 {[%clk 0:46:10]} 54. Kxh5
{[%clk 0:28:12]} Kf5 {[%clk 0:46:36]} 55. Kh6 {[%clk 0:28:30]} Kf6 {[%clk
0:47:02]} 56. Kh5 {[%clk 0:26:16]} Kf5 {[%clk 0:47:01]} 57. Kh6 {[%clk 0:26:40]}
Kf6 {[%clk 0:47:29]} 58. h5 {[%clk 0:27:06]} Kf7 {[%clk 0:47:47]} 59. Kg5 {[%clk
0:27:23]} Kg7 {[%clk 0:48:07]} 60. Kf5 {[%clk 0:27:03]} Kh6 {[%clk 0:48:34]} 61.
Ke5 {[%clk 0:27:28]} Kxh5 {[%clk 0:49:01]} 62. Kd6 {[%clk 0:27:53]} Kg6 {[%clk
0:49:28]} 63. Kc6 {[%clk 0:28:20]} Kf6 {[%clk 0:49:53]} 64. Kb6 {[%clk 0:28:47]}
Ke7 {[%clk 0:50:19]} 65. Kxa5 {[%clk 0:29:14]} Kd7 {[%clk 0:50:48]} 66. Kb6
{[%clk 0:29:37]} Kc8 {[%clk 0:51:15]} 1/2-1/2